TECNICO EN HOTELERIA Y TURISMO (Record no. 1689)
[ view plain ]
| 000 -LEADER | |
|---|---|
| campo de control de longitud fija | 00820nam a22001697a 4500 |
| 001 - NÚMERO DE CONTROL | |
| campo de control | 7010 |
| 005 - FECHA Y HORA DE LA ÚLTIMA TRANSACCIÓN | |
| campo de control | 20250602012212.0 |
| 008 - DATOS DE LONGITUD FIJA--INFORMACIÓN GENERAL | |
| campo de control de longitud fija | 5230202003 sp a |
| 020 ## - NÚMERO INTERNACIONAL ESTÁNDAR DEL LIBRO | |
| Número Internacional Estándar del Libro | 84-8055-723-0 |
| 082 ## - NÚMERO DE LA CLASIFICACIÓN DECIMAL DEWEY | |
| Número de clasificación | R 338.4791 |
| Número de ítem | T2199t |
| 245 ## - MENCIÓN DEL TÍTULO | |
| Título | TECNICO EN HOTELERIA Y TURISMO |
| Mención de responsabilidad, etc. | Coordinador Eduardo Vinella. |
| 260 ## - PUBLICACIÓN, DISTRIBUCIÓN, ETC. | |
| Lugar de publicación, distribución, etc. | España: |
| Nombre del editor, distribuidor, etc. | CULTURAL |
| 300 ## - DESCRIPCIÓN FÍSICA | |
| Extensión | 2T : il / 25.5 cm |
| Otros detalles físicos | il. |
| 505 ## - NOTA DE CONTENIDO CON FORMATO | |
| Nota de contenido con formato | TOMO I : Capítulo 1 : La Hotelería Capítulo 2 : Restaurantes y Gastronomía Capítulo 3 : Evolución y Situación actual del Turismo TOMO 2 : Capítulo 4. Técnicas de Desarrollo del Turísmo Capítulo 5. Gestión y Administración turística Capítulo 6. Turismo . Principales Tipos Capítulo 8. Nuevas Tecnologías en el sector irísico Actual. |
| 650 ## - PUNTO DE ACCESO ADICIONAL DE MATERIA--TÉRMINO DE MATERIA | |
| Término de materia o nombre geográfico como elemento de entrada | 1 HOTELERIA 2 TURISMO |
| 700 ## - ENTRADA AGREGADA--NOMBRE PERSONAL | |
| Nombre de persona | VILLENA EDUARDO COORD |
| Estatus retirado | Estado de pérdida | Estado de daño | No para préstamo | Colección | Biblioteca de origen | Biblioteca actual | Fecha de adquisición | Total de préstamos | Signatura topográfica completa | Código de barras | Visto por última vez | Copia número | Precio de reemplazo | Tipo de ítem Koha |
|---|---|---|---|---|---|---|---|---|---|---|---|---|---|---|
| Acervo general de Libros | Biblioteca Central Mons. Favio M. Rivas S. | Biblioteca Central Mons. Favio M. Rivas S. | 26/05/2014 | R 338.4791 | 000000002239 | 23/05/2025 | 1 | 23/05/2025 | Libros | |||||
| Acervo general de Libros | Biblioteca Central Mons. Favio M. Rivas S. | Biblioteca Central Mons. Favio M. Rivas S. | 26/05/2014 | 1 | R 338.4791 | 000000002240 | 23/05/2025 | 1 | 23/05/2025 | Libros |
